Modelling rental change across key retail investment markets in Britain: valuation and measurement considerations (Record no. 118154)
[ view plain ]
| 000 -LEADER | |
|---|---|
| fixed length control field | 01947cam a2200265 4500 |
| 001 - CONTROL NUMBER | |
| control field | ABS68327 |
| 008 - FIXED-LENGTH DATA ELEMENTS--GENERAL INFORMATION | |
| fixed length control field | 041014n2004 000 0 eng u |
| 035 ## - SYSTEM CONTROL NUMBER | |
| System control number | (Sirsi) u127693 |
| 100 ## - MAIN ENTRY--PERSONAL NAME | |
| Personal name | Colwell, P. |
| 245 ## - TITLE STATEMENT | |
| Title | Modelling rental change across key retail investment markets in Britain: valuation and measurement considerations |
| 260 ## - PUBLICATION, DISTRIBUTION, ETC. | |
| Date of publication, distribution, etc. | 2004 |
| 490 ## - SERIES STATEMENT | |
| Series statement | Journal of Property Investment and Finance |
| Volume/sequential designation | 22(5) 2004, 354-385(32) |
| 520 ## - SUMMARY, ETC. | |
| Summary, etc. | Commercial property market models have become increasingly sophisticated. However, the retail sector and analysis of retail markets at the local level have been comparatively neglected. Explores the retail rental change at the local level, focusing on consumer expenditure as the key determinant of change. Investigates the appropriateness of proxy variables and explores the mechanisms of rental change which highlights issues and difficulties unique to local level analysis. The article then investigates the relationship between rental change and underlying changes in consumer expenditure. The stability of a panel model of rental change is examined, with differences in market functioning identified across diverse groups of key local retail investment markets. These differences highlight the re-emergence of northern markets during the economic decline and recovery phases of the 1990s. Rental levels in larger and smaller markets are also seen to respond to changes in consumer expenditure to significantly different degrees, in periods of both increase and decline. References. Appendices. [Taken from journal abstract]. |
| 590 ## - LOCAL NOTE (RLIN) | |
| Local note | ABS |
| 590 ## - LOCAL NOTE (RLIN) | |
| Local note | ABS |
| 650 ## - SUBJECT ADDED ENTRY--TOPICAL TERM | |
| Topical term or geographic name entry element | RENTAL VALUE |
| 650 ## - SUBJECT ADDED ENTRY--TOPICAL TERM | |
| Topical term or geographic name entry element | RETAIL INVESTMENT |
| 650 ## - SUBJECT ADDED ENTRY--TOPICAL TERM | |
| Topical term or geographic name entry element | LOCAL SHOPS |
| 650 ## - SUBJECT ADDED ENTRY--TOPICAL TERM | |
| Topical term or geographic name entry element | CONSUMER EXPENDITURE |
| 650 ## - SUBJECT ADDED ENTRY--TOPICAL TERM | |
| Topical term or geographic name entry element | CHANGE MANAGEMENT |
| 650 ## - SUBJECT ADDED ENTRY--TOPICAL TERM | |
| Topical term or geographic name entry element | PROPERTY-COMMERCIAL PROPERTY-RETAIL PROPERTY-RETAIL PROPERTY MARKET |
| 690 ## - LOCAL SUBJECT ADDED ENTRY--TOPICAL TERM (OCLC, RLIN) | |
| Topical term or geographic name as entry element | COMMERCIAL PROPERTY-RETAIL |
| 700 ## - ADDED ENTRY--PERSONAL NAME | |
| Personal name | Jackson, C. |
| 942 ## - ADDED ENTRY ELEMENTS (KOHA) | |
| Suppress in OPAC | 0 |
| Withdrawn status | Lost status | Source of classification or shelving scheme | Damaged status | Not for loan | Home library | Current library | Shelving location | Date acquired | Total Checkouts | Full call number | Barcode | Date last seen | Copy number | Price effective from | Koha item type |
|---|---|---|---|---|---|---|---|---|---|---|---|---|---|---|---|
| Dewey Decimal Classification | London | London | Journal article | 14/10/2004 | ABS68327 | 127693-1001 | 06/08/2019 | 1 | 06/08/2019 | Journal article |